A course of Czech language : Skripta pro posluchače filoz.fak.Univ.Karlovy. [Vol.] 1, Beginners' level /

Hlavní autor: Čermák, František, 1940-
Jazyk: Angličtina
Vydáno: Praha : Univerzita Karlova, 1988
Vydání: Dot.
Témata:
Fyzický popis: 183 s.
Knihy
Uloženo v:
LEADER 00808nam a2200217 a 4500
001 000029193
003 CZ BrMZK
005 19950707143423.0
008 950707s1988 xr f eng d
040 |a BOA001  |b cze 
080 |a 808.50(075.8)-054.6  |2 MRF 
100 1 |a Čermák, František,  |d 1940-  |7 jk01021294  |4 aut 
245 1 2 |a A course of Czech language :  |b Skripta pro posluchače filoz.fak.Univ.Karlovy.  |n [Vol.] 1,  |p Beginners' level /  |c [Aut.:]František Čermák, ... 
246 3 0 |a Beginners' level 
250 |a Dot. 
260 |a Praha :  |b Univerzita Karlova,  |c 1988 
300 |a 183 s. 
910 |a BOA001  |b PK-N-0025.984,1 
964 |a Čeština - učebnice pro cizince - školy vysoké 
990 |a BK 
996 7 |b 3119989499  |c PK-N-0025.984/1  |l MZK  |r Sklad / do 1 hodiny  |n 13  |w 000029193  |u 000010  |a 1  |e BOA001  |j MZK50  |s A